Cuốn theo chiều gió T.2 /

Saved in:
Bibliographic Details
Main Author: Mitchell, Margaret.
Other Authors: Dương Tường (dịch.)
Format: Book
Language:Vietnamese
English
Published: Hà Nội : Văn học, 1999.
Subjects:
Tags: Add Tag
No Tags, Be the first to tag this record!
Institutions: Mạng thư viện Đại học Đà Nẵng
LEADER 00984cam a2200373 i 4500
001 000046613
003 6111
005 20030917080304.0
008 010307b1999 vm 000 vie
020 |c 123000 
040 |a IRC  |c IRC  |d IRC 
041 1 |a vie  |h eng 
082 1 4 |a 813  |b MI-M 
100 1 |a Mitchell, Margaret. 
245 0 0 |a Cuốn theo chiều gió  |n T.2 /  |c Margaret Mitchell ; Dương Tường dịch. 
260 |a Hà Nội :  |b Văn học,  |c 1999. 
300 |a 775tr. ;  |c 19cm. 
630 0 4 |a Văn học. 
630 0 4 |a Tiểu thuyết. 
630 0 4 |a Văn học Mỹ. 
630 0 4 |a Margaret Mitchell. 
630 0 4 |a Cuốn theo chiều gió. 
650 0 4 |a Tiểu thuyết Hoa Kỳ. 
700 1 |a Dương Tường,  |e dịch. 
OWN |a DUT 
999 |a From the UDN01 
TYP |a Monograph 
TYP |a Printed language 
980 |a Mạng thư viện Đại học Đà Nẵng